| 000 | 01115nam a22002657a 4500 | ||
|---|---|---|---|
| 005 | 20170124103010.0 | ||
| 010 | _aB-038380 | ||
| 020 |
_c125.00 _a817721005 |
||
| 035 | _aB-038380 | ||
| 037 | _bCen Lib/Ret | ||
| 040 |
_aDPL _bHN |
||
| 082 |
_aउ _bकुसुमा |
||
| 100 |
_aकुसुमाग्रज _943304 |
||
| 245 |
_aवैष्णव / _cकुसुमाग्रज ; अनुवादक शशिकला कर्डिले |
||
| 246 |
_aVaishnav / _bby Kusumagraj ; anuvadak Shashikala Kardile |
||
| 260 |
_aदिल्ली _bसत्साहित्य प्रकाशन _c2001 |
||
| 270 |
_a205-बी, चावड़ी बाजार _bदिल्ली _e110006 |
||
| 300 |
_a126पृ. _c21सेमी (सजिल्द) |
||
| 650 |
_aहिन्दी -- साहित्य _957289 |
||
| 650 |
_aहिन्दी -- उपन्यास _957290 |
||
| 650 |
_aHindi -- Literature _957291 |
||
| 650 |
_aHindi -- Fiction _927248 |
||
| 700 |
_aकर्डिले, शशिकला _957292 |
||
| 942 |
_2ddc _cHN _hउ _mकुसुमा |
||
| 999 |
_c114553 _d114553 |
||